Familias transnacionales, sociedades multiculturales e integracin̤: Espaą, Italia y Portugal en perspectiva comparada

Detalles Bibliográficos
Autor principal: La Spina, Encarnacin̤
Formato: eBook
Lenguaje:español
Publicado: Madrid : Dykinson, 2011
Colección:Derechos Humanos y Filosofa̕ del Derecho
Materias:
Acceso en línea:Acceso restringido

MARC

LEADER 00000nam a2200000 a 4500
005 20120906185029.0
007 cr |||||||||||
008 120906s2011 sp sb 000 0 spa|c
020 |a 9788415454892  
035 |a 6320 
040 |d vLex 
090 |c 3395  |d 3395 
100 1 |a La Spina, Encarnacin̤ 
245 0 0 |a Familias transnacionales, sociedades multiculturales e integracin̤: Espaą, Italia y Portugal en perspectiva comparada  |h [Recurso electrn̤ico] /  |c Encarnacin̤ La Spina  
256 |a Servicio en ln̕ea 
260 |a Madrid :  |b Dykinson,  |c 2011 
300 |a 1 recurso electrn̤ico 
504 |a Bibliografa̕ 
506 1 |a Contenido solo disponible en los productos indicados  |d vLex Global   |d vLex Global (Academic Edition, excluding Law Schools)   |d vLex Global (U.S. Academic Edition, Law Schools)   |d vLex Global (U.S. Academic Edition, excluding Law Schools)   |d vLex Global (Academic Edition, Law Schools)  
650 0 4 |a Familias inmigrantes 
650 0 4 |a Relaciones familiares 
650 0 4 |a Educacin̤ intercultural 
651 4 |a Espaą 
651 4 |a Italia 
651 4 |a Portugal 
655 4 |a Llibres electrṇics 
740 0 |a vLex Libros (Servicio en ln̕ea) 
830 0 |a Derechos Humanos y Filosofa̕ del Derecho 
856 4 0 |z Acceso restringido  |u http://vlex.com/source/familias-transnacionales-sociedades-multiculturales-integracion-espa-a-italia-portugal-perspectiva-comparada-6320 
942 |c BOOK 
999 |a Family 
999 |a Multicultural education